[Event "Karlsruhe Grenke op"]
[Site "Karlsruhe"]
[Date "2024.03.30"]
[Round "5"]
[White "Vyval, Volodymyr"]
[Black "Durak, Can"]
[Result "1/2-1/2"]
[WhiteElo "2279"]
[BlackElo "2450"]
[PlyCount "53"]
[EventDate "2024.03.28"]
[EventType "swiss"]
[EventRounds "9"]
[EventCountry "GER"]
[SourceTitle "CB14_2024"]
[SourceDate "2024.04.01"]
[SourceVersion "1"]
[SourceVersionDate "2024.04.01"]
[SourceQuality "1"]

1. e4 e5 2. Nf3 Nc6 3. d4 exd4 4. Nxd4 Bc5 5. Nb3 Bb6 6. Qe2 Nd4 7. Nxd4 Bxd4 8. c3 Bb6 9. Be3 Bxe3 10. Qxe3 Nf6 11. Nd2 0-0 12. Bd3 Re8 13. 0-0 d5 14. Rfe1 Bf5 15. Qf3 Bxe4 16. Nxe4 dxe4 17. Bxe4 Nxe4 18. Rxe4 Qd2 19. g3 Qxb2 20. Rd1 Qxa2 21. Rxe8+ Rxe8 22. Qxb7 Qc4 23. Qxa7 Qxc3 24. Qa4 Rf8 25. Qf4 Rc8 26. Rd7 Qf6 27. Rxc7 1/2-1/2

[Event "Baden-Baden op"]
[Site "Baden-Baden"]
[Date "2024.02.13"]
[Round "8"]
[White "Bellahcene, Bilel"]
[Black "Vyval, Volodymyr"]
[Result "1-0"]
[WhiteElo "2516"]
[BlackElo "2307"]
[PlyCount "79"]
[EventDate "2024.02.09"]
[EventType "swiss"]
[EventRounds "9"]
[EventCountry "GER"]
[SourceTitle "CB08_2024"]
[SourceDate "2024.02.21"]
[SourceVersion "1"]
[SourceVersionDate "2024.02.21"]
[SourceQuality "1"]

1. e4 c5 2. Nf3 Nf6 3. e5 Nd5 4. Nc3 Nxc3 5. dxc3 Nc6 6. Bf4 Qc7 7. h4 e6 8. h5 h6 9. Qd2 b6 10. 0-0-0 Bb7 11. Rh3 0-0-0 12. Kb1 Na5 13. g4 Be7 14. Ne1 c4 15. b4 Nc6 16. Re3 f6 17. Nf3 Rhf8 18. Bg3 f5 19. gxf5 Rxf5 20. Nd4 Nxd4 21. Qxd4 Bd5 22. Qg4 Rg5 23. Qe2 Rf5 24. Bh3 Rff8 25. Rxd5 exd5 26. e6 d6 27. Qg4 Kb8 28. Bg2 Bf6 29. Bxd5 b5 30. Bg2 Rfe8 31. Qe4 Qb6 32. Bxd6+ Rxd6 33. Qa8+ Kc7 34. Qxe8 Rd1+ 35. Kb2 Qd6 36. Qxb5 Kd8 37. Qxc4 Ke7 38. Rd3 Rxd3 39. cxd3 Qh2 40. Qd5 1-0

[Event "Baden-Baden op"]
[Site "Baden-Baden"]
[Date "2024.02.13"]
[Round "9"]
[White "Vyval, Volodymyr"]
[Black "Nied, Pascal"]
[Result "1-0"]
[WhiteElo "2307"]
[BlackElo "2099"]
[PlyCount "67"]
[EventDate "2024.02.09"]
[EventType "swiss"]
[EventRounds "9"]
[EventCountry "GER"]
[SourceTitle "CB08_2024"]
[SourceDate "2024.02.21"]
[SourceVersion "1"]
[SourceVersionDate "2024.02.21"]
[SourceQuality "1"]

1. e4 e6 2. d4 d5 3. Nc3 Nf6 4. e5 Nfd7 5. f4 c5 6. Nf3 Nc6 7. Be3 a6 8. Qd2 b5 9. dxc5 Bxc5 10. Bd3 Qb6 11. Bf2 h6 12. a3 Bxf2+ 13. Qxf2 Qxf2+ 14. Kxf2 Ke7 15. Rhe1 g5 16. g3 Bb7 17. Ne2 Raf8 18. Ned4 Nxd4 19. Nxd4 gxf4 20. gxf4 f6 21. exf6+ Rxf6 22. Ke3 Kd6 23. Rg1 Rhf8 24. Raf1 R8f7 25. Rg8 Nc5 26. b4 Nd7 27. Re8 Rg7 28. Rf3 Rg2 29. Rg3 Rxh2 30. Rg7 Rh3+ 31. Kd2 Rxf4 32. Rxe6+ Kc7 33. Ree7 Rf2+ 34. Ke1 1-0

[Event "Baden-Baden op"]
[Site "Baden-Baden"]
[Date "2024.02.09"]
[Round "1"]
[White "Vyval, Volodymyr"]
[Black "Zhuikov, Edgard"]
[Result "1-0"]
[WhiteElo "2307"]
[BlackElo "1801"]
[PlyCount "75"]
[EventDate "2024.02.09"]
[EventType "swiss"]
[EventRounds "9"]
[EventCountry "GER"]
[SourceTitle "CB08_2024"]
[SourceDate "2024.02.21"]
[SourceVersion "1"]
[SourceVersionDate "2024.02.21"]
[SourceQuality "1"]

1. c4 g6 2. g3 Bg7 3. Bg2 c5 4. Nc3 Nc6 5. Nf3 d6 6. 0-0 e5 7. a3 Nge7 8. Rb1 a5 9. e3 0-0 10. d3 d5 11. cxd5 Nxd5 12. Nxd5 Qxd5 13. Qc2 Bg4 14. Nd4 Nxd4 15. exd4 Qxd4 16. Bxb7 Rad8 17. Be4 f5 18. Bg2 f4 19. Be4 Bf5 20. b3 Bxe4 21. dxe4 f3 22. Be3 Qd7 23. Kh1 Qh3 24. Rg1 Rc8 25. Bxc5 Rf6 26. b4 g5 27. Qc4+ Kh8 28. Qf1 Qh5 29. g4 Qh4 30. Rg3 Rf4 31. Qd3 axb4 32. axb4 Rg8 33. Rbg1 Bf6 34. Be3 Rg6 35. Bxf4 gxf4 36. Rxf3 Rxg4 37. Rxg4 Qxg4 38. b5 1-0

[Event "EU-ch Rapid"]
[Site "Zagreb"]
[Date "2023.12.15"]
[Round "7"]
[White "Vyval, Volodymyr"]
[Black "Maksimovic, Bojan"]
[Result "0-1"]
[WhiteElo "2313"]
[BlackElo "2497"]
[PlyCount "100"]
[EventDate "2023.12.14"]
[EventType "swiss (rapid)"]
[EventRounds "11"]
[EventCountry "CRO"]
[SourceTitle "CB51_2023"]
[SourceDate "2023.12.20"]
[SourceVersion "1"]
[SourceVersionDate "2023.12.20"]
[SourceQuality "1"]

1. e4 e6 2. d4 a6 3. f4 d5 4. e5 c5 5. Nf3 Nc6 6. Nc3 Nh6 7. Ne2 Nf5 8. c3 h5 9. Ng3 Nh4 10. Nxh4 Qxh4 11. Be3 cxd4 12. cxd4 Bb4+ 13. Kf2 g6 14. Rc1 Bd7 15. Qb3 a5 16. a3 a4 17. Qd1 Be7 18. Be2 g5 19. fxg5 Bxg5 20. Bxg5 Qxg5 21. Bf3 h4 22. Ne2 Na5 23. Rc2 Bb5 24. Qc1 Qxc1 25. Rhxc1 Bc4 26. Rc3 Ke7 27. Rg1 Raf8 28. g4 hxg3+ 29. hxg3 Nc6 30. Ke3 Rh2 31. Rc2 Rg8 32. Rd2 Rg5 33. g4 f6 34. exf6+ Kxf6 35. Rf1 Ke7 36. Rf2 Rh3 37. Kf4 Rg8 38. g5 Rf8+ 39. Kg4 Rhxf3 40. Rxf3 Bxe2 41. Rxe2 Rxf3 42. Rh2 Rb3 43. Rh7+ Kd6 44. g6 Rxb2 45. g7 Rg2+ 46. Kf3 Rg6 47. Ke3 Ne7 48. Kf4 Nf5 49. g8B Rxg8 50. Rxb7 Nxd4 0-1

[Event "EU-ch Rapid"]
[Site "Zagreb"]
[Date "2023.12.14"]
[Round "2"]
[White "Grigoriants, Sergey"]
[Black "Vyval, Volodymyr"]
[Result "1-0"]
[WhiteElo "2544"]
[BlackElo "2313"]
[PlyCount "57"]
[EventDate "2023.12.14"]
[EventType "swiss (rapid)"]
[EventRounds "11"]
[EventCountry "CRO"]
[SourceTitle "CB51_2023"]
[SourceDate "2023.12.20"]
[SourceVersion "1"]
[SourceVersionDate "2023.12.20"]
[SourceQuality "1"]

1. e4 c5 2. Nf3 d6 3. d4 cxd4 4. Nxd4 Nf6 5. Nc3 a6 6. Bd3 g6 7. f3 Bg7 8. Be3 h5 9. Qd2 Nc6 10. Bc4 Nxd4 11. Bxd4 Qc7 12. Bb3 Bh6 13. Qd3 e5 14. Bf2 0-0 15. Rd1 Rd8 16. Bh4 g5 17. Qd2 Nh7 18. Nd5 Qb8 19. Bf2 Be6 20. h4 Bxd5 21. Bxd5 Qc7 22. Be3 Qe7 23. hxg5 Bxg5 24. Rxh5 Bf6 25. Qf2 Rac8 26. Qg3+ Bg7 27. Rf5 Kf8 28. c3 f6 29. Qg6 1-0

[Event "Bundesliga 2223"]
[Site "Germany"]
[Date "2023.04.29"]
[Round "14.6"]
[White "Dgebuadze, Alexandre"]
[Black "Vyval, Volodymyr"]
[Result "1/2-1/2"]
[WhiteElo "2430"]
[BlackElo "2282"]
[PlyCount "41"]
[EventDate "2022.10.21"]
[EventType "team-tourn"]
[EventRounds "15"]
[EventCountry "GER"]
[SourceTitle "CBM 213 Extra"]
[Source "ChessBase"]
[SourceDate "2023.05.31"]
[SourceVersion "1"]
[SourceVersionDate "2023.05.31"]
[SourceQuality "1"]
[WhiteTeam "Remagen Sinzig"]
[BlackTeam "Schoenaich"]
[WhiteTeamCountry "GER"]
[BlackTeamCountry "GER"]

1. e4 c5 2. Nc3 d6 3. Nge2 Nf6 4. d4 cxd4 5. Nxd4 a6 6. a4 e5 7. Nf3 h6 8. Bc4 Qc7 9. Bb3 Be7 10. 0-0 0-0 11. Nh4 Kh7 12. Qd3 Nc6 13. Nd5 Nxd5 14. exd5+ f5 15. dxc6 Bxh4 16. Qc4 Be7 17. cxb7 Qxb7 18. Qd3 Bd7 19. Bd5 Bc6 20. Bxc6 Qxc6 21. Ra3 1/2-1/2

[Event "Baden Baden op"]
[Site "Baden-Baden"]
[Date "2023.02.21"]
[Round "9"]
[White "Vyval, Volodymyr"]
[Black "Carlstedt, Jonathan"]
[Result "0-1"]
[WhiteElo "2289"]
[BlackElo "2437"]
[PlyCount "110"]
[EventDate "2023.02.17"]
[EventType "swiss"]
[EventRounds "9"]
[EventCountry "GER"]
[SourceTitle "CBM 212 Extra"]
[Source "ChessBase"]
[SourceDate "2023.03.31"]
[SourceVersion "1"]
[SourceVersionDate "2023.03.31"]
[SourceQuality "1"]

1. e4 c5 2. Nf3 d6 3. d4 cxd4 4. Nxd4 Nf6 5. Nc3 g6 6. Be3 Bg7 7. f3 Nc6 8. Qd2 0-0 9. 0-0-0 d5 10. exd5 Nxd5 11. Nxc6 bxc6 12. Bd4 e5 13. Bc5 Be6 14. Ne4 Re8 15. h4 h6 16. Ba6 Qc7 17. h5 f5 18. Nd6 Red8 19. Nc4 Rab8 20. hxg6 e4 21. Ba3 c5 22. Qa5 Bf6 23. fxe4 Bg5+ 24. Rd2 Qxa5 25. Nxa5 Bxd2+ 26. Kxd2 Nb4+ 27. Kc1 Nxa6 28. Nc6 fxe4 29. b3 Kg7 30. Nxb8 Rxb8 31. Rh4 Bf5 32. Rf4 Bxg6 33. Bb2+ Kg8 34. Rg4 Rb6 35. Rh4 h5 36. g4 hxg4 37. Rxg4 Re6 38. Bc3 Nb4 39. Kb2 e3 40. Rg5 Nxc2 41. Rxc5 e2 42. Rc8+ Kf7 43. Rc7+ Re7 44. Rc6 Be4 45. Rf6+ Ke8 46. b4 Kd8 47. a4 Rc7 48. Bd2 Rd7 49. Bc3 Rd3 50. Rf8+ Kd7 51. Rf7+ Kd6 52. Rf6+ Kd5 53. Rf2 Bf3 54. Kxc2 Rxc3+ 55. Kd2 Ra3 0-1

[Event "Baden Baden op"]
[Site "Baden-Baden"]
[Date "2023.02.21"]
[Round "8"]
[White "Vyval, Volodymyr"]
[Black "Suranyi, Pal"]
[Result "1-0"]
[WhiteElo "2289"]
[BlackElo "2008"]
[PlyCount "82"]
[EventDate "2023.02.17"]
[EventType "swiss"]
[EventRounds "9"]
[EventCountry "GER"]
[SourceTitle "CBM 212 Extra"]
[Source "ChessBase"]
[SourceDate "2023.03.31"]
[SourceVersion "1"]
[SourceVersionDate "2023.03.31"]
[SourceQuality "1"]

1. e4 c5 2. Nf3 d6 3. d4 cxd4 4. Nxd4 Nf6 5. Nc3 a6 6. Bg5 e6 7. f4 Be7 8. Qf3 Qc7 9. 0-0-0 Nbd7 10. g4 h6 11. Bh4 g5 12. fxg5 Ne5 13. Qg3 hxg5 14. Bxg5 Nfxg4 15. Bxe7 Qxe7 16. Be2 Bd7 17. h4 Nh6 18. Nf3 f6 19. Nxe5 fxe5 20. Bh5+ Kd8 21. Rh2 Rc8 22. Rhd2 Rc6 23. Qg5 Ng8 24. Be2 Kc7 25. Qe3 Kb8 26. h5 Nh6 27. a3 Nf7 28. Rg1 Qf6 29. Rg6 Qh4 30. Rd1 Rhc8 31. Rf1 Nh8 32. Rgg1 Qd8 33. h6 Qa5 34. h7 Rxc3 35. bxc3 Rxc3 36. Rg8+ Kc7 37. Bd3 Rxa3 38. Kd1 Bb5 39. Ke2 Qc3 40. Rc1 Nf7 41. Rg7 Kb8 1-0

[Event "Baden Baden op"]
[Site "Baden-Baden"]
[Date "2023.02.19"]
[Round "4"]
[White "Vyval, Volodymyr"]
[Black "Dushatskiy, Fedor"]
[Result "1-0"]
[WhiteElo "2289"]
[BlackElo "2098"]
[PlyCount "55"]
[EventDate "2023.02.17"]
[EventType "swiss"]
[EventRounds "9"]
[EventCountry "GER"]
[SourceTitle "CBM 212 Extra"]
[Source "ChessBase"]
[SourceDate "2023.03.31"]
[SourceVersion "1"]
[SourceVersionDate "2023.03.31"]
[SourceQuality "1"]

1. e4 d6 2. d4 Nf6 3. Nc3 e5 4. Nge2 Be7 5. h3 c6 6. a4 Nbd7 7. g4 a5 8. Bg2 Nf8 9. Ng3 g6 10. d5 h5 11. g5 N6d7 12. h4 Nc5 13. Be3 Nfd7 14. Qd2 Nb6 15. b3 cxd5 16. exd5 Bg4 17. Bxc5 dxc5 18. Nge4 Nd7 19. d6 Bf8 20. Nd5 Bg7 21. Nc7+ Kf8 22. Nxa8 Qxa8 23. 0-0 Kg8 24. Qd5 Be6 25. Qd3 Kh7 26. Rad1 Qa7 27. Ng3 Rd8 28. Bd5 1-0

[Event "Baden Baden op"]
[Site "Baden-Baden"]
[Date "2023.02.18"]
[Round "2"]
[White "Vyval, Volodymyr"]
[Black "Koll, Linus"]
[Result "1-0"]
[WhiteElo "2289"]
[BlackElo "2073"]
[PlyCount "83"]
[EventDate "2023.02.17"]
[EventType "swiss"]
[EventRounds "9"]
[EventCountry "GER"]
[SourceTitle "CBM 212 Extra"]
[Source "ChessBase"]
[SourceDate "2023.03.31"]
[SourceVersion "1"]
[SourceVersionDate "2023.03.31"]
[SourceQuality "1"]

1. e4 c5 2. Nf3 d6 3. d4 cxd4 4. Nxd4 Nf6 5. Nc3 g6 6. Be3 Bg7 7. f3 0-0 8. Qd2 Nc6 9. 0-0-0 Nxd4 10. Bxd4 Be6 11. Kb1 Qc7 12. g4 Rfc8 13. h4 Qa5 14. Qg5 Qxg5 15. hxg5 Nd7 16. Bxg7 Kxg7 17. Rh4 f6 18. gxf6+ Nxf6 19. g5 Nd7 20. f4 Rh8 21. Bb5 Nb6 22. Rdh1 Rad8 23. b3 d5 24. e5 Bf5 25. Ne2 Be4 26. Nd4 Bxh1 27. Ne6+ Kf7 28. Nxd8+ Kg7 29. Nxb7 Be4 30. Nc5 Bf5 31. Kb2 h5 32. gxh6+ Rxh6 33. Rxh6 Kxh6 34. a4 d4 35. Bc6 g5 36. a5 Nc8 37. fxg5+ Kxg5 38. Bb7 Kf4 39. Nd3+ Ke3 40. b4 Bd7 41. Nc5 Bf5 42. b5 1-0

[Event "BL2-Sued 2122"]
[Site "Germany"]
[Date "2022.07.03"]
[Round "10.5"]
[White "Vujic, Branimir"]
[Black "Vyval, Volodymyr"]
[Result "1/2-1/2"]
[WhiteElo "2237"]
[BlackElo "2231"]
[PlyCount "95"]
[EventDate "2022.03.05"]
[EventType "team-tourn"]
[EventRounds "10"]
[EventCountry "GER"]
[SourceTitle "EXT 2023"]
[Source "ChessBase"]
[SourceDate "2022.10.05"]
[SourceVersion "1"]
[SourceVersionDate "2022.10.05"]
[SourceQuality "1"]
[WhiteTeam "Boeblingen"]
[BlackTeam "Stuttgart"]
[WhiteTeamCountry "GER"]
[BlackTeamCountry "GER"]

1. d4 Nf6 2. Bf4 g6 3. Nc3 d5 4. e3 Bg7 5. h4 c6 6. Qd2 b5 7. Be2 h5 8. Nf3 Nbd7 9. Ne5 Nxe5 10. Bxe5 a5 11. f3 a4 12. a3 Qb6 13. Na2 Bf5 14. Nb4 Rc8 15. c3 Kf8 16. Bd3 Bxd3 17. Qxd3 Nd7 18. Bxg7+ Kxg7 19. e4 dxe4 20. Qxe4 Nf6 21. Qe5 c5 22. Nd5 Qb7 23. Ne3 cxd4 24. cxd4 Rhd8 25. Kf2 Rd6 26. Rac1 Rcd8 27. Rhd1 b4 28. Rd3 bxa3 29. bxa3 Re6 30. Qa5 Ra8 31. Qc7 Qa6 32. Qc4 Qa5 33. Qc5 Qa6 34. Qc4 Qb7 35. Qc7 Qb2+ 36. Qc2 Rb8 37. Kg3 Qb6 38. Qc5 Qa6 39. Qc4 Qd6+ 40. Kh3 Qf4 41. d5 Re4 42. fxe4 Nxe4 43. Nd1 g5 44. g3 Qf1+ 45. Kh2 Qe2+ 46. Kg1 Qe1+ 47. Kg2 Qe2+ 48. Kg1 1/2-1/2

[Event "BL2-Sued 2122"]
[Site "Germany"]
[Date "2022.05.15"]
[Round "6.5"]
[White "Vyval, Volodymyr"]
[Black "Gschnitzer, Oswald"]
[Result "1-0"]
[WhiteElo "2173"]
[BlackElo "2366"]
[PlyCount "91"]
[EventDate "2022.03.05"]
[EventType "team-tourn"]
[EventRounds "10"]
[EventCountry "GER"]
[SourceTitle "EXT 2023"]
[Source "ChessBase"]
[SourceDate "2022.10.05"]
[SourceVersion "1"]
[SourceVersionDate "2022.10.05"]
[SourceQuality "1"]
[WhiteTeam "Stuttgart"]
[BlackTeam "Walldorf"]
[WhiteTeamCountry "GER"]
[BlackTeamCountry "GER"]

1. e4 c5 2. Nf3 Nc6 3. d4 cxd4 4. Nxd4 e5 5. Nb5 d6 6. N1c3 a6 7. Na3 Be7 8. Be3 b5 9. Nd5 Rb8 10. c4 b4 11. Nc2 Nf6 12. Bd3 0-0 13. b3 Nd7 14. Qd2 Nc5 15. Rd1 a5 16. 0-0 h6 17. Nxe7+ Qxe7 18. Ne1 Be6 19. Bc2 Rfd8 20. f3 f6 21. Qf2 Bf7 22. Nd3 Ne6 23. Rd2 Ned4 24. Nc1 a4 25. Ne2 axb3 26. axb3 Nxc2 27. Rxc2 Ra8 28. Rd1 Ra3 29. Nc1 Be6 30. Rcd2 Ra1 31. g4 Rd7 32. Rd3 h5 33. h3 Ra8 34. Qd2 Rad8 35. Na2 Kf7 36. Nxb4 Nxb4 37. Qxb4 g6 38. Qd2 Rb8 39. Kg2 f5 40. Bg5 Qf8 41. exf5 gxf5 42. gxh5 f4 43. h4 Rb6 44. c5 Rxb3 45. Rxb3 Bxb3 46. Qd3 1-0

[Event "BL2-Sued 1920"]
[Site "Germany"]
[Date "2019.12.08"]
[Round "6.5"]
[White "Wieczorek, Oskar"]
[Black "Vyval, Volodymyr"]
[Result "1/2-1/2"]
[WhiteElo "2490"]
[BlackElo "2168"]
[PlyCount "141"]
[EventDate "2019.10.19"]
[EventType "team-tourn"]
[EventRounds "11"]
[EventCountry "GER"]
[SourceTitle "CBM 194 Extra"]
[Source "ChessBase"]
[SourceDate "2020.03.31"]
[SourceVersion "1"]
[SourceVersionDate "2020.03.31"]
[SourceQuality "1"]
[WhiteTeam "Heusenstamm"]
[BlackTeam "Stuttgart SF"]
[WhiteTeamCountry "GER"]
[BlackTeamCountry "GER"]

1. e4 c5 2. Nf3 Nf6 3. e5 Nd5 4. Nc3 Nxc3 5. dxc3 Nc6 6. Bf4 Qc7 7. Qd2 e6 8. 0-0-0 b6 9. Kb1 Bb7 10. Ng5 Rd8 11. Nf3 Be7 12. h4 Na5 13. Rh3 Bxf3 14. Rxf3 c4 15. Bg3 b5 16. Qf4 0-0 17. h5 Nb7 18. h6 g6 19. b3 d6 20. exd6 Rxd6 21. Rxd6 Qxd6 22. Qd4 Qxd4 23. cxd4 Rc8 24. Re3 Bf8 25. Bf4 Rd8 26. c3 cxb3 27. Bxb5 Nd6 28. Ba6 bxa2+ 29. Kxa2 Nf5 30. Rh3 Nxd4 31. Rd3 Rd5 32. Rxd4 Ra5+ 33. Kb3 Rxa6 34. Rd8 f6 35. Be3 Rc6 36. Bxa7 Rc7 37. Be3 Kf7 38. c4 g5 39. Rb8 Bd6 40. Rb6 Bf8 41. g4 Bxh6 42. c5 Bf8 43. Kc4 f5 44. gxf5 exf5 45. Bd4 f4 46. Kd5 Rd7+ 47. Ke4 Re7+ 48. Kf5 Rd7 49. Ke4 Re7+ 50. Kd5 Rd7+ 51. Kc4 Rc7 52. Rf6+ Ke8 53. c6 Bg7 54. Re6+ Kf7 55. Rd6 Bxd4 56. Kxd4 g4 57. Kc5 g3 58. fxg3 fxg3 59. Rd3 h5 60. Rxg3 Kf6 61. Rg8 h4 62. Kd6 Rh7 63. c7 Rxc7 64. Kxc7 Kf5 65. Kd6 Kf4 66. Rf8+ Kg3 67. Ke5 h3 68. Ke4 h2 69. Rg8+ Kf2 70. Rh8 Kg2 71. Rxh2+ 1/2-1/2

[Event "BL2-Sued 1920"]
[Site "Germany"]
[Date "2019.10.20"]
[Round "2.5"]
[White "Vyval, Volodymyr"]
[Black "Martin, Julian"]
[Result "0-1"]
[WhiteElo "2168"]
[BlackElo "2375"]
[PlyCount "72"]
[EventDate "2019.10.19"]
[EventType "team-tourn"]
[EventRounds "11"]
[EventCountry "GER"]
[SourceTitle "CBM 194 Extra"]
[Source "ChessBase"]
[SourceDate "2020.03.31"]
[SourceVersion "1"]
[SourceVersionDate "2020.03.31"]
[SourceQuality "1"]
[WhiteTeam "Stuttgart SF"]
[BlackTeam "Baden-Baden II"]
[WhiteTeamCountry "GER"]
[BlackTeamCountry "GER"]

1. e4 c5 2. Nf3 Nc6 3. d4 cxd4 4. Nxd4 e5 5. Nb5 d6 6. N1c3 a6 7. Na3 Be7 8. Nc4 b5 9. Ne3 Nf6 10. Bd3 0-0 11. a4 b4 12. Ncd5 Rb8 13. 0-0 a5 14. c3 Be6 15. g4 Nd7 16. Bb5 Na7 17. cxb4 axb4 18. Nxb4 Nc5 19. Nc6 Nxc6 20. Bxc6 Nb3 21. Rb1 Bg5 22. Bd5 Nd4 23. b4 Qf6 24. Kg2 Qg6 25. Nf5 Bxd5 26. exd5 Nxf5 27. gxf5 Qxf5 28. Bxg5 Qxg5+ 29. Kh1 Qf4 30. Qb3 Rfc8 31. a5 g6 32. f3 Rc4 33. b5 Rxb5 34. Qd3 Rxa5 35. Rf2 Rd4 36. Qc3 Raxd5 0-1